01249nam a2200349Ia 450000500170000000800410001702000180005804100080007610000260008424500730011025000180018330000470020149000220024850000550027052100350032565000730036065000490043365000330048265000350051565000360055065000330058665000410061970000440066094200150070426400310071933600270075033700330077733800280081004000350083808400110087399900150088420220317001800.0170328s2013 m a g 000 0 s  a9786077781486 aspa1 aGordon, Joséd1953-13aLa oveja eléctricaby la memoria del universocJoséGordon, Micro a1a. edición a54 páginasbilustraciones a colorc28 cm aSextopiso niños aIncluye datos biográficos del autor e ilustrador aRecomendado desde los 6 años142LEMBaTiras cómicas, historietas, etc. infantil mexicanaySiglo XX142LEMBaLiteratura infantil mexicanaySiglo XX142LEMBaHistorias de aventuras142LEMBaNiños en la literatura142LEMBaSueños en la literatura142LEMBaOvejas en la iteratura142LEMBaImaginación en la literatura1 aGarcía Fuentes, Ricardod1971-990740 2loccBKINF aMéxicobSexto pisoc2013 atextobtxt2rdacontent asin mediaciónbn2rdamedia avolumenbnc2rdacarrier aCO-BoRNBPbspaerdacCO-BoRNBP aH GOR9 c8080d8080